[Event "40.CIS A2/3"]
[Site "Padova"]
[Date "2008.03.09"]
[Round "3.3"]
[White "Guaglianone, Mario"]
[Black "Lain, Luigi"]
[Result "0-1"]
[WhiteElo "2033"]
[BlackElo "2200"]
[Annotator "Antonio Rosino"]
[PlyCount "86"]
[EventDate "2008.03.09"]
[EventType "team"]
[EventCountry "ITA"]
[WhiteTeam "Canal A Venezia"]
[BlackTeam "Obbiettivo Risarcimento B Padova"]
[WhiteTeamCountry "ITA"]
[BlackTeamCountry "ITA"]

1. d4 d5 2. Nf3 c5 3. c3 e6 4. Bf4 Nc6 5. e3 Bd6 6. Bg3 f5 7. Nbd2 (7. dxc5 Bxc5 8. c4 Nf6 9. cxd5 Nxd5 10. Bc4) 7... Nf6 8. Bd3 O-O 9. Qe2 c4 10. Bc2 Bxg3 11. hxg3 b5 12. a3 Qd6 13. O-O Bd7 14. Rfe1 Be8 15. Nh2 Bh5 16. Qf1 Rfb8 17. f4 a5 18. Bd1 Bxd1 19. Rexd1 b4 20. axb4 axb4 21. Rxa8 Rxa8 22. Ra1 Qb8 23. Qc1 b3 24. Rb1 Ra2 25. Qd1 Na7 26. g4 Nc8 27. gxf5 exf5 28. g4 Nb6 29. g5 Ne8 30. Nhf3 Na4 31. Qc1 Qa8 32. Ne5 Nd6 33. Kf2 Ne4+ 34. Nxe4 fxe4 35. Kg3 Nxb2 36. Qh1 Qe8 37. f5 Qb8 (37... Nd3) 38. g6 (38. Qh5 g6 39. fxg6 Ra7 40. Rxb2) 38... h6 39. Rxb2 Rxb2 40. Qh4 Ra2 41. f6 b2 42. Qf4 Ra8 43. fxg7 Ra7 0-1

[Event "40.CIS A2/3"]
[Site "Padova"]
[Date "2008.03.09"]
[Round "3.4"]
[White "Quaranta, Cristiano"]
[Black "Milazzo, Mario"]
[Result "0-1"]
[WhiteElo "2088"]
[BlackElo "2005"]
[Annotator "M. Milazzo"]
[PlyCount "84"]
[EventDate "2008.03.09"]
[EventType "team"]
[EventCountry "ITA"]
[WhiteTeam "Obbiettivo Risarcimento B Padova"]
[BlackTeam "Canal A Venezia"]
[WhiteTeamCountry "ITA"]
[BlackTeamCountry "ITA"]

1. d4 f5 2. Nf3 Nf6 3. g3 g6 4. Bg2 Bg7 5. O-O O-O 6. b4 d6 7. Bb2 c6 8. Nbd2 Na6 9. c3 Qe8 10. Nc4 Nc7 11. a4 Bd7 12. Nfd2 h6 13. Qc2 Qf7 14. Qd3 Be6 15. Na5 Rab8 16. c4 Bd7 17. Rfc1 f4 18. Ba3 Bf5 19. e4 fxe3 20. Qxe3 Ng4 21. Qc3 e5 22. Rf1 exd4 23. Qb3 Ne5 24. Ne4 Qd7 25. b5 c5 26. Nxb7 Rxb7 27. Nxc5 dxc5 28. Bxb7 Bh3 29. Bg2 Bxg2 30. Kxg2 Rf3 31. Qd1 Ne6 32. Re1 Qb7 33. Kg1 Rd3 34. Qe2 Nf3+ 35. Kf1 Nxh2+ 36. Kg1 Nf3+ 37. Kf1 Nxe1 (37... Ne5 38. Qe4 Qxe4 39. Rxe4 Kf7) 38. Qxe6+ Kh7 39. Qxe1 Qf7 (39... Qh1+ 40. Ke2 Qf3+ 41. Kf1 Re3 (41... Rxa3) 42. Kg1 (42. Qd1 Qh1#) 42... Rxe1+ 43. Rxe1 Qxa3) 40. Qe2 Rxg3 41. Bb2 d3 42. Qd2 Qf3 0-1

[Event "40.CIS Serie Minori Finale"]
[Site "Arvier ITA"]
[Date "2008.05.02"]
[Round "1.1"]
[White "Buchicchio, Giampaolo"]
[Black "Barletta, Mauro"]
[Result "1-0"]
[WhiteElo "2287"]
[BlackElo "2205"]
[Annotator "Ballarin,Gabriele"]
[PlyCount "79"]
[EventDate "2008.05.02"]
[EventType "team"]
[EventRounds "5"]
[EventCountry "ITA"]
[WhiteTeam "Corsico A"]
[BlackTeam "Borgaretto P.B.T. B"]
[WhiteTeamCountry "ITA"]
[BlackTeamCountry "ITA"]

1. e4 c6 2. Nc3 d5 3. Nf3 dxe4 4. Nxe4 Nf6 5. Nxf6+ exf6 6. d4 Bg4 (6... Bd6) 7. c3 Bd6 8. h3 Be6 9. Bd3 Nd7 10. Be3 Nb6 11. Nd2 Nd5 12. Qf3 Nxe3 13. fxe3 Qc7 14. Ne4 Be7 15. O-O O-O-O 16. b4 f5 17. Nc5 Bxc5 18. bxc5 g6 19. Rfb1 Bd5 20. Qf2 Rhe8 21. Rb4 Qe7 (21... Re7) 22. Rab1 (22. c4) 22... Rd7 23. Ba6 Qxe3 24. Rxb7 Rxb7 25. Rxb7 Qxf2+ 26. Kxf2 Kd8 27. c4 Be6 28. Rxa7 Re7 29. Ra8+ Kc7 30. a4 g5 31. a5 f4 32. Ra7+ Kd8 33. Rxe7 Kxe7 34. Bb7 Kd7 35. d5 Kc7 36. Bxc6 Bc8 37. Be8 f6 38. d6+ Kd8 39. Bb5 g4 40. c6 1-0

[Event "40.CIS Serie Minori Finale"]
[Site "Arvier ITA"]
[Date "2008.05.02"]
[Round "1.3"]
[White "Zanatta, Federico"]
[Black "Shytaj, Carlo"]
[Result "0-1"]
[WhiteElo "2030"]
[BlackElo "2212"]
[Annotator "Ballarin,Gabriele"]
[PlyCount "154"]
[EventDate "2008.05.02"]
[EventType "team"]
[EventRounds "5"]
[EventCountry "ITA"]
[WhiteTeam "Conegliano C"]
[BlackTeam "Roma l'Arrocco C"]
[WhiteTeamCountry "ITA"]
[BlackTeamCountry "ITA"]

1. c4 e5 2. Nc3 Nc6 3. g3 g6 4. Bg2 Bg7 5. Nf3 Nge7 6. O-O O-O 7. Rb1 Nd4 8. e3 Nxf3+ 9. Qxf3 f5 10. Qd1 c6 11. d4 e4 12. d5 d6 13. f3 exf3 14. Bxf3 c5 15. Ne2 Qa5 16. a3 Bd7 17. Bd2 Qa6 18. Qc1 b5 19. b3 bxc4 20. bxc4 Rab8 21. Qc2 Qxa3 22. Bc3 Bxc3 23. Nxc3 Rxb1 24. Rxb1 Nc8 25. Rb2 Qa1+ 26. Kf2 Qa6 27. Kg2 Nb6 28. Be2 Re8 29. Ra2 Qb7 30. e4 Re5 31. Bd3 Qb8 32. Ra1 fxe4 33. Nxe4 Qf8 34. Rxa7 Bh3+ 35. Kxh3 Qf3 36. Nf6+ Qxf6 37. Kg2 Re3 38. Qd1 Qb2+ 39. Kh1 Qf2 40. Ra1 Nd7 41. Qf1 Qxf1+ 42. Bxf1 Ne5 43. Ra6 Re1 44. Kg2 Nf7 45. h4 {=} h5 46. Kf2 Rc1 47. Be2 Kf8 48. Ke3 Ke7 49. Ra7+ Kf6 50. Rd7 Ra1 51. g4 hxg4 52. Bxg4 Ra6 53. Be2 Ne5 54. Rd8 Ke7 55. Rg8 Ra4 56. Kf2 Kf7 57. Rd8 Ke7 58. Rg8 Kf7 59. Rd8 Nxc4 60. Bxc4 Rxc4 61. Rxd6 Rxh4 62. Rc6 c4 63. Ke3 g5 64. Ke2 Rf4 65. Ke3 Ke7 66. Ke2 g4 67. Ke3 Rf3+ 68. Ke2 Rc3 69. d6+ Kf7 70. d7 Ke7 71. Rd6 Kd8 72. Rg6 g3 73. Rg7 Rc2+ 74. Kd1 Rg2 75. Kc1 Rg1+ 76. Kc2 g2 77. Kd2 Ra1 0-1

[Event "40.CIS Serie Minori Finale"]
[Site "Arvier ITA"]
[Date "2008.05.02"]
[Round "1.2"]
[White "Farachi, Francesco"]
[Black "Pepino, Enrico"]
[Result "1-0"]
[WhiteElo "2103"]
[BlackElo "2138"]
[Annotator "Ballarin,Gabriele"]
[PlyCount "91"]
[EventDate "2008.05.02"]
[EventType "team"]
[EventRounds "5"]
[EventCountry "ITA"]
[WhiteTeam "Modena B"]
[BlackTeam "Torinese A"]
[WhiteTeamCountry "ITA"]
[BlackTeamCountry "ITA"]

1. e4 c5 2. Nf3 d6 3. d4 cxd4 4. Nxd4 Nf6 5. Nc3 g6 6. Bc4 Bg7 7. O-O O-O 8. f3 Nc6 9. Be3 Qb6 10. Bb3 Ng4 11. Nd5 Nxe3 12. Nxb6 Bxd4 13. Qe2 Nxf1+ 14. Kxf1 Bxb6 15. c3 Bd7 16. Rd1 Rfd8 17. f4 Rac8 18. g4 Na5 19. f5 a6 20. Qf3 Bb5+ 21. Kg2 Nc4 22. Bxc4 Bxc4 23. b3 Bb5 24. h4 Rc5 25. c4 Bc6 26. h5 Re5 27. Re1 Ba5 28. Re2 b5 29. f6 exf6 30. Qxf6 Re6 31. Qd4 gxh5 32. gxh5 Rde8 33. Kf3 Rxe4 34. Rg2+ Kf8 35. Qxd6+ R8e7 36. Qh6+ Ke8 37. Qxc6+ Kf8 38. Qxe4 Rxe4 39. Kxe4 bxc4 40. bxc4 Ke7 41. c5 Ke6 42. c6 f5+ 43. Kf4 Bc7+ 44. Kg5 f4 45. Kh6 Kf7 46. Rg7+ 1-0

[Event "40.CIS Serie Minori Finale"]
[Site "Arvier ITA"]
[Date "2008.05.02"]
[Round "1.1"]
[White "Lucchese, Paolo"]
[Black "Luciani, Carlo"]
[Result "0-1"]
[WhiteElo "1994"]
[BlackElo "2256"]
[Annotator "Ballarin,Gabriele"]
[PlyCount "76"]
[EventDate "2008.05.02"]
[EventType "team"]
[EventRounds "5"]
[EventCountry "ITA"]
[WhiteTeam "Vercellese C"]
[BlackTeam "Pordenone DSC Informatica B"]
[WhiteTeamCountry "ITA"]
[BlackTeamCountry "ITA"]

1. e4 e5 2. Nf3 Nc6 3. Bb5 a6 4. Ba4 Nf6 5. O-O Nxe4 6. Re1 Nc5 7. Bxc6 dxc6 8. Nxe5 Be6 9. d4 Nd7 10. Nf3 Be7 11. Nc3 O-O 12. Ne4 h6 13. b3 Re8 14. Bb2 Bg4 15. Ng3 Nf6 16. h3 Be6 17. c4 a5 18. Qe2 a4 19. Bc3 Bf8 20. Rad1 axb3 21. axb3 Ra6 22. Qb2 Ba3 23. Qc2 Bf8 24. Qb2 Ba3 25. Qb1 Bf8 26. Qd3 Bc8 27. Rxe8 Qxe8 28. Re1 Qd8 29. Qe2 Ra8 30. Ne4 Nxe4 31. Qxe4 Be6 32. Qc2 Ra6 33. Qe4 Ra3 34. Qc2 Qc8 35. Kh2 Bd6+ 36. Ne5 Qa8 37. d5 cxd5 38. f4 dxc4 0-1

[Event "40.CIS Serie Minori Finale"]
[Site "Arvier ITA"]
[Date "2008.05.02"]
[Round "1.3"]
[White "Crepaldi, Marco"]
[Black "Turrin, Osvaldo"]
[Result "0-1"]
[WhiteElo "1850"]
[BlackElo "1997"]
[Annotator "Ballarin,Gabriele"]
[PlyCount "59"]
[EventDate "2008.05.02"]
[EventType "team"]
[EventRounds "5"]
[EventCountry "ITA"]
[WhiteTeam "Vercellese C"]
[BlackTeam "Pordenone DSC Informatica B"]
[WhiteTeamCountry "ITA"]
[BlackTeamCountry "ITA"]

1. e4 e5 2. Nf3 Nc6 3. Bb5 a6 4. Ba4 Nf6 5. O-O Be7 6. Re1 b5 7. Bb3 O-O 8. c3 d6 9. h3 Nb8 10. d4 Nbd7 11. Nbd2 c5 12. Nf1 Re8 13. Ng3 Bf8 14. Bc2 g6 15. d5 Nb6 16. Nh2 Bg7 17. f4 exf4 18. Bxf4 Nc4 19. b3 Ne5 20. Nf3 Nfd7 21. Nxe5 Nxe5 22. Qd2 Bxh3 23. Rf1 Bg4 24. Bd1 Qd7 25. Bg5 Ra7 26. Bf6 Bxf6 27. Rxf6 Qe7 28. Qf4 Kg7 29. Bxg4 Qxf6 30. Bf5 $138 0-1

[Event "40.CIS Serie Minori Finale"]
[Site "Arvier ITA"]
[Date "2008.05.02"]
[Round "2.4"]
[White "Di Primio, Eugenia"]
[Black "Cavallero, Eugenio"]
[Result "0-1"]
[WhiteElo "1992"]
[BlackElo "1831"]
[Annotator "Ballarin,Gabriele"]
[PlyCount "134"]
[EventDate "2008.05.02"]
[EventType "team"]
[EventRounds "5"]
[EventCountry "ITA"]
[WhiteTeam "Chieti B"]
[BlackTeam "Borgaretto P.B.T. B"]
[WhiteTeamCountry "ITA"]
[BlackTeamCountry "ITA"]

1. e4 e6 2. d4 b6 3. Nf3 Bb7 4. Bd3 c5 5. Nc3 cxd4 6. Nxd4 Bc5 7. Nb3 Ne7 8. Nxc5 bxc5 9. Qg4 Ng6 10. Qg3 d6 11. Nb5 e5 12. h4 h5 13. Nc3 Ba6 14. Bg5 Qd7 15. Nd5 Bxd3 16. Qxd3 Nc6 17. c3 O-O 18. Rd1 f6 19. Bc1 Rad8 20. g3 Nce7 21. Ne3 Nh8 22. Qe2 g6 23. Nc4 Qe6 24. O-O Nf7 25. Be3 f5 26. f3 Kh7 27. Bc1 Nh6 28. Bg5 Nf7 29. Be3 Ng8 30. Bc1 fxe4 31. fxe4 Nf6 32. Kg2 Ng4 33. Ne3 Nfh6 34. Nd5 Rxf1 35. Rxf1 Rd7 36. Bxh6 Kxh6 37. Qf3 Kh7 38. b3 a5 39. Qf8 a4 40. b4 cxb4 41. cxb4 a3 42. Rf3 Ra7 43. b5 Rg7 44. b6 Qd7 45. Nc7 Qc6 46. Ne6 Qc2+ 47. Kg1 Qc1+ 48. Rf1 Qe3+ 49. Kh1 Qxe4+ 50. Kg1 Qe3+ 51. Kh1 Qe4+ 52. Qf3 Qxf3+ 53. Rxf3 Rb7 54. Rb3 Nf2+ 55. Kg2 Ne4 56. Nd8 Rb8 57. b7 Nc5 58. Rb6 d5 59. Rc6 Nxb7 60. Rc7+ Kg8 61. Nxb7 e4 62. Kf2 Rf8+ 63. Ke2 d4 64. Nd6 d3+ 65. Ke3 Rf3+ 66. Kd4 d2 67. Rc8+ Rf8 0-1

[Event "40.CIS Serie Minori Finale"]
[Site "Arvier ITA"]
[Date "2008.05.02"]
[Round "2.1"]
[White "Luciani, Carlo"]
[Black "Buchicchio, Giampaolo"]
[Result "0-1"]
[WhiteElo "2256"]
[BlackElo "2287"]
[Annotator "Ballarin,Gabriele"]
[PlyCount "58"]
[EventDate "2008.05.02"]
[EventType "team"]
[EventRounds "5"]
[EventCountry "ITA"]
[WhiteTeam "Pordenone DSC Informatica B"]
[BlackTeam "Corsico A"]
[WhiteTeamCountry "ITA"]
[BlackTeamCountry "ITA"]

1. e4 c5 2. Nf3 Nc6 3. d4 cxd4 4. Nxd4 e5 5. Nb5 d6 6. a4 Be7 7. N1c3 a6 8. Na3 Be6 9. Bc4 Nf6 10. f3 Nb4 (10... Qa5) 11. Bg5 Qb6 12. Qe2 Rc8 13. b3 Bxc4 14. Nxc4 Qd4 15. Qd2 b5 16. axb5 axb5 17. Bxf6 gxf6 18. Nxb5 Qxa1+ 19. Kf2 Qxh1 20. Ncxd6+ Bxd6 21. Nxd6+ Ke7 22. Nf5+ Kf8 23. Qd6+ Kg8 24. c3 Nd3+ 25. Qxd3 Ra8 26. Kg3 Qc1 27. h4 h5 28. Qd5 Ra7 29. Qd6 Kh7 0-1

[Event "40.CIS Serie Minori Finale"]
[Site "Arvier ITA"]
[Date "2008.05.02"]
[Round "2.4"]
[White "Gallucci, Alessio"]
[Black "Antonelli, Fabrizio"]
[Result "1/2-1/2"]
[WhiteElo "2175"]
[BlackElo "2035"]
[Annotator "Ballarin,Gabriele"]
[PlyCount "96"]
[EventDate "2008.05.02"]
[EventType "team"]
[EventRounds "5"]
[EventCountry "ITA"]
[WhiteTeam "Torinese A"]
[BlackTeam "Roma l'Arrocco C"]
[WhiteTeamCountry "ITA"]
[BlackTeamCountry "ITA"]

{[%evp 0,96,61,32,39,31,24,43,3,-5,28,21,34,12,-30,-58,23,26,7,25,11,0,4,4,-1,-7,-43,-59,10,13,2,-5,-7,0,2,23,10,0,-57,-36,-14,-24,-2,5,-35,-7,31,-36,5,24,26,24,24,24,41,45,48,50,48,43,18,25,179,-21,-14,11,12,13,-1,0,17,11,22,22,52,39,67,77,95,81,116,116,121,131,127,94,101,114,133,70,83,0,0,0,0,0,0,0,0]} 1. e4 e5 2. Nf3 Nc6 3. d4 exd4 4. Nxd4 Bc5 5. Be3 Qf6 6. Nb5 Bxe3 7. fxe3 Qd8 8. Qg4 Kf8 9. Qf4 d6 10. Bc4 Ne5 11. O-O Nf6 12. Bb3 c6 13. Nd4 Qe7 14. Nd2 Bd7 15. Rad1 Re8 16. h3 h5 17. N4f3 b5 18. Ng5 c5 19. Bd5 Nxd5 20. exd5 f6 21. Nde4 Kg8 22. Ne6 Rh6 23. Kh1 Rb8 24. Ng3 Bxe6 25. dxe6 Qxe6 26. Nf5 Rg6 27. Rxd6 Qe8 28. Rfd1 Rg5 29. Qe4 Kh8 30. Nh4 Nc4 31. Qxe8+ Rxe8 32. Rd8 Rxd8 33. Rxd8+ Kh7 34. Nf3 Rf5 35. e4 Rf4 36. Rd5 Rxe4 37. Rxh5+ Kg8 (37... Kg6 38. Rxc5 Re2 39. Nd4 Rd2 40. Nxb5 Ne3 41. Nxa7 Nxc2 42. Rb5 Ne1 43. a4 Nxg2 44. Rb4 Ne1 45. Kg1 Nf3+ 46. Kf1 Nh2+ 47. Ke1 Nf3+ 48. Kf1 Nh2+ 49. Kg1 Nf3+ {½-½ (49) Gallucci,A (2175)-Antonelli,F (2035) Arvier ITA 2008}) 38. Rxc5 Re2 39. Nd4 Rd2 40. Nxb5 Ne3 41. Nxa7 Nxc2 42. Rb5 Ne1 43. a4 Nxg2 44. Rb4 Ne1 45. Kg1 Nf3+ 46. Kf1 Nh2+ 47. Ke1 Nf3+ 48. Kf1 Nh2+ 1/2-1/2

[Event "40.CIS Serie Minori Finale"]
[Site "Arvier ITA"]
[Date "2008.05.03"]
[Round "3.1"]
[White "Corvi, Marco"]
[Black "Frigieri, Fabrizio"]
[Result "1-0"]
[WhiteElo "2347"]
[BlackElo "2082"]
[Annotator "Ballarin,Gabriele"]
[PlyCount "117"]
[EventDate "2008.05.02"]
[EventType "team"]
[EventRounds "5"]
[EventCountry "ITA"]
[WhiteTeam "Chieti B"]
[BlackTeam "Modena B"]
[WhiteTeamCountry "ITA"]
[BlackTeamCountry "ITA"]

1. c4 e6 2. Nf3 d5 3. g3 dxc4 4. Qa4+ Nd7 5. Qxc4 a6 6. Bg2 b5 7. Qc2 Bb7 8. O-O c5 9. b3 Ngf6 10. Bb2 Be7 11. d3 O-O 12. Nbd2 Rc8 13. Rac1 Qb6 14. Qb1 Rfd8 15. Qa1 Qa7 16. Rc2 Qa8 17. Bc3 Bf8 18. a3 Nd5 19. Ba5 Re8 20. Rfc1 g6 21. e4 Bg7 22. Qa2 Ne7 23. Bc3 Bxc3 24. Rxc3 Nc6 25. Qb2 Red8 26. b4 Nde5 27. Nxe5 Nxe5 28. Bf1 c4 29. dxc4 bxc4 30. Nxc4 Rxc4 31. Bxc4 Bxe4 32. Bf1 Nf3+ 33. Rxf3 Bxf3 34. Rc7 Qd5 35. Qf6 Rf8 36. Rc3 Be4 37. Bxa6 Qd1+ 38. Bf1 Rd8 39. Rc7 Rf8 40. Qf4 Bd5 41. Rc1 Qa4 42. Qe3 Ra8 43. Rc3 h5 44. h4 Qd1 45. Qd3 Qa1 46. b5 Kh7 47. Rc7 Kg8 48. Qc3 Qb1 49. Qf6 Rf8 50. Qd4 Qb3 51. Rc3 Qb1 52. a4 Ra8 53. a5 Rb8 54. a6 Kh7 55. Rc7 Qf5 56. Qf4 Qxf4 57. gxf4 Kg7 58. a7 Ra8 59. Bg2 1-0

[Event "40.CIS Serie Minori Finale"]
[Site "Arvier ITA"]
[Date "2008.05.03"]
[Round "3.4"]
[White "Chiarion, Elisa"]
[Black "Di Primio, Eugenia"]
[Result "1/2-1/2"]
[WhiteElo "1897"]
[BlackElo "1992"]
[Annotator "Ballarin,Gabriele"]
[PlyCount "135"]
[EventDate "2008.05.02"]
[EventType "team"]
[EventRounds "5"]
[EventCountry "ITA"]
[WhiteTeam "Modena B"]
[BlackTeam "Chieti B"]
[WhiteTeamCountry "ITA"]
[BlackTeamCountry "ITA"]

1. e4 e5 2. Nf3 Nc6 3. Bc4 Bc5 4. c3 Nf6 5. d3 d6 6. O-O a6 7. Bb3 Ba7 8. Nbd2 O-O 9. Re1 Ne7 10. Nf1 Ng6 11. d4 Bg4 12. d5 Qe8 13. h3 Bd7 14. Ng3 Qc8 15. Bc2 a5 16. c4 h6 17. Ba4 Ne7 18. Bxd7 Qxd7 19. Nh4 Kh7 20. Qf3 Nfg8 21. Nhf5 Nxf5 22. exf5 Qe7 23. Ne4 Bd4 24. f6 Nxf6 25. Qf5+ Kh8 26. Nxf6 Qxf6 27. Qxf6 gxf6 28. Bxh6 Rg8 29. Re4 Rg6 30. Rh4 Kg8 31. Kf1 f5 32. Bd2 b6 33. Rb1 f4 34. b3 Kg7 35. Rd1 Bc5 36. Bc3 f6 37. Rd3 Re8 38. Rf3 Bb4 39. Bb2 Bd2 40. Rd3 Bb4 41. Rf3 Bd2 42. Rd3 Bb4 43. Rf3 Bc5 44. Bc3 Ba3 45. Bd2 Bb2 46. Kg1 Bd4 47. Kf1 Re7 48. Rg4 Rxg4 49. hxg4 Kg6 50. g3 fxg3 51. Rxg3 Rh7 52. Kg2 e4 53. Rh3 Rxh3 54. Kxh3 Bxf2 55. Kg2 Bh4 56. Be3 Bg5 57. Bd4 Bf4 58. Bc3 Kg5 59. Kh3 Be3 60. Kg3 Bf4+ 61. Kh3 Be3 62. Kg3 Bc5 63. Bd2+ e3 64. Bc1 Bd4 65. Kf3 Bc5 66. Kg3 Bd4 67. Kf3 Bc5 68. Kg3 1/2-1/2

[Event "40.CIS Serie Minori Finale"]
[Site "Arvier ITA"]
[Date "2008.05.03"]
[Round "3.1"]
[White "Buchicchio, Giampaolo"]
[Black "Bruno, Fabio"]
[Result "1/2-1/2"]
[WhiteElo "2287"]
[BlackElo "2450"]
[Annotator "Ballarin,Gabriele"]
[PlyCount "68"]
[EventDate "2008.05.02"]
[EventType "team"]
[EventRounds "5"]
[EventCountry "ITA"]
[WhiteTeam "Corsico A"]
[BlackTeam "Nereto Libertas A"]
[WhiteTeamCountry "ITA"]
[BlackTeamCountry "ITA"]

1. e4 c5 2. c3 e6 3. d4 d5 4. exd5 exd5 5. Nf3 Nc6 6. Be3 cxd4 7. Nxd4 Nf6 8. Be2 Bd6 9. Nd2 O-O 10. O-O Ne5 11. Bg5 Ng6 12. Re1 h6 13. Be3 a6 14. Nf1 Ne4 15. Qb3 Ne7 16. Ng3 Qc7 17. Bf3 Nc5 18. Qc2 Bd7 19. Ndf5 Be6 20. Nxd6 Qxd6 21. Qd2 (21. Rad1) 21... Rfd8 22. Bxh6 Ne4 23. Bxe4 dxe4 24. Qxd6 Rxd6 25. Bg5 f6 26. Bf4 Rb6 27. Rxe4 Nd5 28. Be3 Rc6 29. Bd4 Bf7 30. Rae1 b5 31. Rg4 Be6 32. Rge4 Bf7 33. Rg4 Be6 34. Rge4 Bf7 1/2-1/2

[Event "40.CIS Serie Minori Finale"]
[Site "Arvier ITA"]
[Date "2008.05.03"]
[Round "3.4"]
[White "Antonelli, Fabrizio"]
[Black "Zamengo, Bruno"]
[Result "1-0"]
[WhiteElo "2035"]
[BlackElo "1650"]
[Annotator "Ballarin,Gabriele"]
[PlyCount "73"]
[EventDate "2008.05.02"]
[EventType "team"]
[EventRounds "5"]
[EventCountry "ITA"]
[WhiteTeam "Roma l'Arrocco C"]
[BlackTeam "Mestre Capa Boys C"]
[WhiteTeamCountry "ITA"]
[BlackTeamCountry "ITA"]

1. e4 e6 2. Qe2 c5 3. f4 Nc6 4. c3 Qc7 5. g3 b6 6. Bg2 Bb7 7. Nf3 Be7 8. Na3 Nf6 9. d3 d5 10. e5 Nd7 11. O-O Ba6 12. Bd2 O-O 13. Nc2 Bb7 14. Rac1 Rfd8 15. Ne3 Qb8 16. Ng4 Nf8 17. h4 d4 18. c4 Re8 19. Ng5 Bxg5 20. hxg5 Ne7 21. Bxb7 Qxb7 22. Nf2 Nf5 23. Ne4 Red8 24. Qf3 Qd7 25. Rf2 Qa4 26. g4 Nh4 27. Qg3 Nhg6 28. f5 Qxa2 29. fxg6 Nxg6 30. Nd6 Rd7 31. Rcf1 Qxb2 32. Bc1 Qb3 33. Nxf7 a5 34. Nd6 Raa7 35. Rb2 Qc3 36. Nb5 Qa3 37. Nxa3 1-0

[Event "68.Camp. Veneto Quarti di Finale"]
[Site "Arquà Petrarca ITA"]
[Date "2008.05.10"]
[Round "1"]
[White "Chiumello, Roberto"]
[Black "Renier, Renzo"]
[Result "0-1"]
[WhiteElo "1757"]
[BlackElo "2024"]
[Annotator "Gabriele Ballarin"]
[PlyCount "58"]
[EventDate "2008.05.10"]
[EventType "swiss"]
[EventRounds "6"]
[EventCountry "ITA"]
[TimeControl "6000+30"]

{590MB, Fritz11.ctg, PC-PC} 1. d4 Nf6 2. Nf3 g6 3. Bf4 Bg7 4. e3 O-O 5. h3 d6 6. Nbd2 Nbd7 7. Bd3 c5 8. c3 Re8 9. Bh2 e5 10. dxe5 dxe5 11. e4 Qc7 12. O-O b6 13. Qb3 Bb7 14. Bc4 Re7 15. Ng5 Rf8 16. Bd5 h6 17. Ngf3 Nxd5 18. exd5 c4 19. Qa3 Nc5 20. d6 Qxd6 21. Nxc4 Qe6 (21... Qd3 22. Ne3 (22. Ncxe5 Bxe5 23. Nxe5 Rxe5 24. Bxe5 Qd5) 22... Bxf3 23. gxf3 Qe2 24. Kg2 e4) 22. Ncxe5 Rfe8 23. Rad1 Qf5 24. Nd4 Qh5 (24... Qe4 25. Nef3 Ba6 26. Bd6 Bxf1 27. Bxe7 Bxg2 28. Re1 Qb7 29. Kxg2 Rxe7) 25. Nec6 Re4 $2 (25... Bxc6 26. Nxc6 Re4 27. Bd6 (27. b3 Qxd1) 27... Ra4 28. Bxc5 Rxa3 29. Bxa3) 26. Qxa7 $2 Qxd1 27. f3 Re1 28. Bd6 Rxf1+ 29. Kh2 Qe1 0-1

[Event "68.Camp. Veneto Quarti di Finale"]
[Site "Arquà Petrarca ITA"]
[Date "2008.05.11"]
[Round "2.15"]
[White "Belloni, Umberto"]
[Black "Alessi, Giovanni"]
[Result "1-0"]
[WhiteElo "1876"]
[BlackElo "1628"]
[Annotator "Gabriele Ballarin"]
[PlyCount "61"]
[EventDate "2008.05.10"]
[EventType "swiss"]
[EventRounds "6"]
[EventCountry "ITA"]

1. d4 d5 2. c3 Nf6 3. Bg5 Nbd7 4. Nd2 e6 5. e3 Be7 6. f4 h6 7. Bh4 a6 8. Bd3 c5 9. Ngf3 b5 10. Bxf6 Nxf6 11. Ne5 Bb7 12. O-O Qc7 13. Qf3 Bd6 14. g4 O-O-O 15. a4 Ne4 16. Nxe4 dxe4 17. Bxe4 Bxe5 18. fxe5 Bxe4 19. Qxe4 Rd5 20. axb5 a5 21. Ra4 c4 22. b6 Qxb6 23. Rxc4+ Kb8 24. b4 Rf8 25. bxa5 Qxa5 26. Rb1+ Ka7 27. Qc2 Rb8 28. Rxb8 Kxb8 29. Ra4 Qc7 30. Qb3+ Kc8 31. Rc4 1-0

[Event "68.Camp. Veneto Quarti di Finale"]
[Site "Arquà Petrarca ITA"]
[Date "2008.05.11"]
[Round "3.13"]
[White "Pisani, Valerio"]
[Black "Belloni, Umberto"]
[Result "1-0"]
[WhiteElo "1500"]
[BlackElo "1876"]
[Annotator "Gabriele Ballarin"]
[PlyCount "118"]
[EventDate "2008.05.10"]
[EventType "swiss"]
[EventRounds "6"]
[EventCountry "ITA"]

1. Nf3 d5 2. b3 Bg4 3. Ne5 Bh5 4. Bb2 Nd7 5. d4 Nxe5 6. dxe5 e6 7. g3 Bg6 8. Bg2 Bc5 9. O-O Ne7 10. e3 h5 11. Qe2 c6 12. Nc3 Nf5 13. a3 Qc7 14. Na4 Be7 15. c4 dxc4 16. Qxc4 O-O 17. Nc5 Bxc5 18. Qxc5 Rfd8 19. Rad1 Rxd1 20. Rxd1 Rd8 21. Qc1 Rd7 22. e4 Ne7 23. b4 Qd8 24. Rxd7 Qxd7 25. Qc2 Kf8 26. Kf1 Ke8 27. Bf3 Bh7 28. Bxh5 Nd5 29. Qe2 Nb6 30. f4 Na4 31. Ba1 b5 32. Qe3 Nb6 33. Be2 Nc4 34. Bxc4 Qd1+ 35. Kf2 bxc4 36. Bd4 Qc2+ 37. Qe2 Bxe4 38. Qxc2 Bxc2 39. Bxa7 Kd7 40. Ke3 Kc7 41. Kd4 Bd3 42. Bc5 Be2 43. a4 g6 44. a5 Kb7 45. Kc3 Ka6 46. Bd4 Kb5 47. Be3 Bf3 48. Bd2 c5 49. bxc5 Kxc5 50. Kc2 Kb5 51. Bc3 Be4+ 52. Kd2 Bb7 53. Ke3 Kc5 54. g4 Kd5 55. h4 Bc6 56. h5 gxh5 57. gxh5 Ba4 58. f5 exf5 59. h6 Be8 1-0

[Event "68.Camp. Veneto Quarti di Finale"]
[Site "Arquà Petrarca ITA"]
[Date "2008.05.17"]
[Round "4.13"]
[White "Renier, Renzo"]
[Black "Sgaravatti, Francesco"]
[Result "0-1"]
[WhiteElo "2024"]
[BlackElo "2185"]
[Annotator "Gabriele Ballarin"]
[PlyCount "102"]
[EventDate "2008.05.10"]
[EventType "swiss"]
[EventRounds "6"]
[EventCountry "ITA"]
[TimeControl "6000+30"]

{590MB, Fritz11.ctg, PC-PC} 1. e4 c5 2. Nf3 Nc6 3. d4 cxd4 4. Nxd4 Qb6 5. Nb3 Nf6 6. Nc3 e6 7. Be3 Qc7 8. Be2 (8. Bd3) 8... Bb4 9. f3 d5 10. Bd2 Bxc3 11. Bxc3 dxe4 12. O-O e5 13. Kh1 O-O 14. Qd2 Bf5 15. Qg5 Bg6 16. f4 h6 17. Qh4 exf4 18. Bxf6 gxf6 19. Rxf4 f5 20. Qxh6 Qe5 21. c3 Rfd8 22. Raf1 Rd6 23. Rh4 Rad8 24. Qg5 a5 25. Rhf4 Kf8 26. h4 a4 27. h5 Bh7 28. Nd4 Nxd4 29. cxd4 Qxd4 30. Bg4 Qg7 31. Qh4 $2 (31. Qxg7+ Kxg7 32. Bxf5 Bxf5 33. Rxf5 f6 34. Rb5) 31... fxg4 32. Rxg4 Qe5 33. Rgf4 R8d7 34. Qf2 Qxh5+ 35. Rh4 Qg6 36. Qc5 b6 37. Qc8+ Rd8 38. Qh3 Bg8 39. Rg4 Qe6 40. Qg3 Qh6+ 41. Rh4 Qg6 42. Rg4 Qh7+ 43. Rh4 Rh6 44. Qa3+ Rdd6 45. Rxh6 Qxh6+ 46. Kg1 Kg7 47. Qg3+ Kh7 48. Rf4 Rd1+ 49. Kf2 Rd2+ 50. Kg1 Rd3 51. Qf2 $2 Rd1+ 0-1

[Event "68.Camp. Veneto Quarti di Finale"]
[Site "Arquà Petrarca ITA"]
[Date "2008.05.18"]
[Round "5.8"]
[White "Belloni, Umberto"]
[Black "Quaranta, Cristiano"]
[Result "0-1"]
[WhiteElo "1876"]
[BlackElo "2107"]
[Annotator "Gabriele Ballarin"]
[PlyCount "66"]
[EventDate "2008.05.10"]
[EventType "swiss"]
[EventRounds "6"]
[EventCountry "ITA"]

1. d4 Nf6 2. c3 g6 3. Bg5 Bg7 4. Qc1 d6 5. Bh6 O-O 6. Bxg7 Kxg7 7. Nf3 c5 8. dxc5 dxc5 9. Nbd2 Bf5 10. Nh4 Bd7 11. Qc2 Nc6 12. Nhf3 e5 13. e4 Nh5 14. g3 f5 15. Bd3 b5 16. Bxb5 fxe4 17. Qxe4 Qb6 18. Bxc6 Bxc6 19. Qxe5+ Rf6 20. O-O-O Re8 21. Qg5 Bxf3 22. Nxf3 Rxf3 23. Rd7+ Rf7 24. Rhd1 Nf6 25. R7d6 Qa5 26. f3 Qxa2 27. Qxc5 Rb8 28. Qa3 Qxa3 29. bxa3 Rb3 30. Kc2 Rxa3 31. Rb1 Rc7 32. Rd3 Nd7 33. Rb3 Rxb3 0-1